MARC details
| 000 -CABECERA |
| campo de control de longitud fija |
01154cam a2200289 a 4500 |
| 001 - NÚMERO DE CONTROL |
| campo de control |
000010762 |
| 005 - FECHA Y HORA DE LA ÚLTIMA TRANSACCIÓN |
| campo de control |
20200929162304.0 |
| 008 - DATOS DE LONGITUD FIJA--INFORMACIÓN GENERAL |
| campo de control de longitud fija |
021022s1993 pn 000 0 spa |
| 010 ## - NÚMERO DE CONTROL DE LA BIBLIOTECA DEL CONGRESO |
| Número de control de LC |
2002114889 |
| 020 ## - NÚMERO INTERNACIONAL ESTÁNDAR DEL LIBRO |
| Número Internacional Estándar del Libro |
1891079816 |
| 035 ## - NÚMERO DE CONTROL DEL SISTEMA |
| Número de control de sistema |
(DLC) 2002114889 |
| 040 ## - FUENTE DE LA CATALOGACIÓN |
| Centro catalogador/agencia de origen |
DO-SdBNP |
| Lengua de catalogación |
spa |
| Centro/agencia transcriptor |
DLC |
| Centro/agencia modificador |
BNPHU |
| 082 ## - NÚMERO DE LA CLASIFICACIÓN DECIMAL DEWEY |
| Número de clasificación |
110 |
| Número de documento/Ítem |
B882m |
| 049 ## - FONDOS LOCALES (OCLC) |
| Fondos de biblioteca |
BNGR |
| 100 1# - ENTRADA PRINCIPAL--NOMBRE DE PERSONA |
| Nombre de persona |
Browne, Robert T. |
| Fechas asociadas al nombre |
1773 - 1858. |
| 9 (RLIN) |
25970 |
| 240 14 - TÍTULO UNIFORME |
| Título uniforme |
The mistery or space. |
| Lenguaje de la obra |
Español |
| 245 10 - MENCIÓN DE TÍTULO |
| Título |
El misterio del espacio : |
| Resto del título |
un estudio del movimiento del hiperespacio a la luz de la evolución de nuevas facultades síquicas y una investigación hacia la génesis y naturaleza esencial del espacio / |
| Mención de responsabilidad, etc. |
Robert T. Browne ; traducido al Castellano y editado por Jorge A. Carrizo. |
| 260 ## - PUBLICACIÓN, DISTRIBUCIÓN, ETC. |
| Lugar de publicación, distribución, etc. |
Panamá : |
| Nombre del editor, distribuidor, etc. |
Grupo metafísico serapis bey, |
| Fecha de publicación, distribución, etc. |
1993. |
| 300 ## - DESCRIPCIÓN FÍSICA |
| Extensión |
319 p. ; |
| Dimensiones |
22 cm. |
| 534 ## - NOTA SOBRE LA VERSIÓN ORIGINAL |
| Encabezamiento principal del original |
Título original del libro: |
| Mención de título del original |
The mistery or space. |
| 650 #4 - PUNTO DE ACCESO ADICIONAL DE MATERIA--TÉRMINO DE MATERIA |
| Término de materia o nombre geográfico como elemento de entrada |
Metafísica |
| 9 (RLIN) |
19469 |
| 650 #4 - PUNTO DE ACCESO ADICIONAL DE MATERIA--TÉRMINO DE MATERIA |
| Término de materia o nombre geográfico como elemento de entrada |
Dimensiones |
| 9 (RLIN) |
25971 |
| 650 #4 - PUNTO DE ACCESO ADICIONAL DE MATERIA--TÉRMINO DE MATERIA |
| Término de materia o nombre geográfico como elemento de entrada |
Hiperespacio |
| 9 (RLIN) |
25972 |
| 650 #4 - PUNTO DE ACCESO ADICIONAL DE MATERIA--TÉRMINO DE MATERIA |
| Término de materia o nombre geográfico como elemento de entrada |
Cuarta dimensión (parapsicología) |
| 9 (RLIN) |
25973 |
| 700 1# - PUNTO DE ACCESO ADICIONAL--NOMBRE DE PERSONA |
| Nombre de persona |
Carrizo, Jorge A., |
| Término indicativo de función/relación |
tr. |
| -- |
ed. |
| 9 (RLIN) |
25974 |
| 910 ## - DATOS DE OPCIÓN DEL USUARIO (OCLC) |
| Datos de opción del usuario |
Catalogación derivada |